Statistics for All Water Type Moves in Pokemon

Click here to take the quiz!

General Stats

  • This quiz has been taken 33 times
    (30 since last reset)
  • The average score is 21 of 36

Answer Stats

HintAnswer% Correct
Special, 150 BP, user must recharge for a turn after usingHydro Cannon
91%
Status, changes weather to Rain for 5 turnsRain Dance
91%
Special, 80 BP, 30% chance to burn targetScald
91%
Special, 90 BP, hits all Pokemon in a double battleSurf
91%
Physical, 40 BP, has priorityAqua Jet
86%
Special, 40 BP, 10% chance to lower the target's speed by 1 stageBubble
86%
Special, 110 BPHydro Pump
86%
Special, 40 BPWater Gun
86%
Status, user regains 1/16 HP per turnAqua Ring
77%
Special, 65 BP, 10% chance to lower the target's speed by 1 stageBubble Beam
77%
Physical, 90 BP, user becomes invulnerable on the first turn and attacks on the nextDive
77%
Physical, 80 BP, 20% chance to flinchWaterfall
77%
Special, 90 BP, 30% chance to lower the target's accuracy by 1 stage, hits all Pokemon in a double battleMuddy Water
73%
Special, 60 BP, 20% chance to confuse the targetWater Pulse
73%
Status, turns target into a pure Water typeSoak
68%
Special, 35 BP, traps and damages the target for 4-5 turnsWhirlpool
68%
Special, 150 BP, BP decreases as the user's HP decreasesWater Spout
64%
Physical, 90 BPAqua Tail
59%
Special, 65 BP, damage doubled if user is below half health.Brine
59%
Special, 80 BP, special effects occur when used with its Fire or Grass variantsWater Pledge
59%
Status, weakens fire type moves for 5 turnsWater Sport
59%
Status, raises user's defense stat by 1 stageWithdraw
59%
Physical, 85 BP, 20% chance to lower target's defense by 1 stageLiquidation
55%
Physical, 100 BP, higher critical hit chanceCrabhammer
45%
Physical, 85 BP, BP doubles if the user moves before the targetFishous Rend
41%
Special, 110 BP, 30% chance to burn targetSteam Eruption
41%
Physical, 60 BP, user switches out after damaging the targetFlip Turn
36%
Special, 15 BP, hits 2-5 times, has priorityWater Shuriken
36%
Physical, 35 BP, traps and damages target for 4-5 turnsClamp
32%
Special, 110 BP, hits both foes in a double battleOrigin Pulse
32%
Special, 90 BP, cures target's burn, hits all Pokemon in a double battleSparkling Aria
32%
Physical, 25 BP, hits 3 times, each hit is a guarenteed critical hitSurging Strikes
32%
Status, heals user and allies 1/4 HPLife Dew
27%
Physical, 75 BP, 50% chance to lower target's defense by 1 stageRazor Shell
23%
Special, 80 BP, high critical hit chance, cannot be redirected by moves such as Follow MeSnipe Shot
23%
Special, 65 BP, 50% chance to lower target's accuracy by 1 stageOctazooka
14%

Score Distribution

Percentile by Number Answered

Percent of People with Each Score

Your Score History

You have not taken this quiz since the last reset